Marcas de coches más vendidas - Estadísticas

Estadísticas generales
  • Esta prueba ha sido intentada 332 veces
  • La puntuación promedio es 7 de 10
Estadísticas de respuestas
Número de matriculaciones Marca % Correcto
42.972 Mercedes Benz
83%
79.883 Toyota
83%
58.586 Seat
79%
63.871 Volkswagen
72%
58.488 Peugeot
68%
56.176 Renault
67%
42.213 Citroen
66%
58.874 Hyundai
66%
66.245 Kia
59%
48.844 Dacia
54%
No se encontraron pruebas coincidentes
Distribución de puntuación
Porcentaje de gente con cada puntuación
Porcentaje por número respondido
Historial de tus puntuaciones
No has intentado esta prueba.